00867nam a2200217 a 450000100100000000500170001000800410002702000150006804000250008308200170010810000170012524501250014226001170026730000310038449000210041550000550043650400740049170000280056571000350059383000210062800002494920200930023452.0110208s1995 mx b r 000 0 spa d a9682974429 aDO-SdBNPbspacBNPHU axxxxxbN687t1 aNigh, Ronald10aTerritorios violados :bindios, medio ambiente y desarrollo en América Latina /cRonald Nigh , Nemesio J. Rodríguez. aMéxico, D. F. :bDirección general de Publicaciones del Consejo Nacional para la Cultura y las Artes,c1995. a228 p. :bmapas. ;c21 cm.1 aPresencias ;v68 aIncluye referencias bibliográficas p. [207-228]. aIncluye referencias bibliográficas y notas al pie de las páginas.1 aRodríguez, Nemesio J.1 aInstituto Nacional Indigenista 0aPresencias ;n68